| 000 | 00623nam a2200181Ia 4500 | ||
|---|---|---|---|
| 008 | 090123s9999 xx 000 0 und d | ||
| 082 | _b41068 | ||
| 100 | _aरघशेट्टी सुरेश | ||
| 245 | _aतीन भारतीय नररत्ने | ||
| 250 | _a1 | ||
| 260 |
_bसोमनाथ प्रकाशन _c2007 |
||
| 300 | _a93 | ||
| 600 | _aरघशेट्टी सुरेश | ||
| 630 | _aतीन भारतीय नररत्ने | ||
| 700 | _aरघशेट्टी सुरेश | ||
| 730 | _aतीन भारतीय नररत्ने | ||
| 942 | _cBOOK | ||
| 999 |
_c79140 _d79140 |
||